000 00827cam a22002531 4500
001 e 18000416
003 DLC
005 20260227111209.0
008 960611s1918 dcud f000 0 eng c
010 _ae 18000416
035 _a(OCoLC)34911940
040 _aLibrary, U.S. Bur. of Education
_cMoU
_dDLC
042 _apremarc
050 0 0 _aL111
_b.A565 no. 2
110 1 _aUnited States.
_bBureau of Education.
245 1 0 _aOrganization of high schools in war time.
260 _a[Washington,
_bGovt. print. off.,
_c1918]
300 _a6 p. incl. charts.
_c24 cm.
490 0 _aSecondary school circular
_vno. 2, Apr. 1918
500 _aCaption title.
500 _aAt head of title: ... Department of the interior ...
650 0 _aHigh schools
_zUnited States.
650 0 _aWorld War, 1914-1918
_xWar work
_xSchools.
999 _c20200
_d20200